JAKIE CZĘŚCI GARDEROBY ZAKŁADAMY OD PASA W DÓŁ? - Statystyki

Ogólne statystyki
  • Ten quiz został rozwiązany 234 razy
  • Średni wynik to 8 z 17
Statystyki odpowiedzi
Odpowiedź % Poprawnych
SPODNIE
98%
MAJTKI
91%
SKARPETKI
89%
BUTY
87%
RAJSTOPY
77%
SPODENKI
59%
PASEK
57%
SPÓDNICĘ
50%
KALESONY
43%
POŃCZOCHY
39%
LEGINSY
28%
SUKIENKĘ
26%
SZPILKI
19%
ZAKOLANÓWKI
17%
SLIPY
12%
BIELIZNĘ
9%
PANTOFLE
7%
Nie znaleziono quizów pasujących do podanych kryteriów
Rozkład punktacji
Procent ludzi z każdym wynikiem
Percentyl według liczby udzielonych odpowiedzi
Twoja historia wyników
Nie rozwiązałeś tego quizu